00805nam a22001097a 4500040000800000082002700008100002100035245050000056260002600556300002600582856008700608 cRUa aAVM CHA 2009 B090 Or.1 aCHAY, CHANTHORN. athe effect of using sun-dry sesbania leave replacing soy bean as ingredient feed growthrate of chicken at animal experimental station of the rua (ឥទ្ធិពលនៃការប្រើប្រាស់ស្លឹកអង្គាដីក្រៀមជំនួសសណ្ថែកសៀងជាចំណីផ្សំលើការលូតលាស់របស់មាន់សាច់ នៅស្ថានីយចិញ្ចឹមសត្វ នៃស​ .វ.ភ.ក) aPhnom PenhbRUAc2009 axi, 44p.bill.c29cm. uhttps://drive.google.com/file/d/1v8Ur37xcJ551DmuM3w6qsqD63H2DMywb/view?usp=sharing